Principles of Corporate Finance (Record no. 3252)

MARC details
005 - DATE AND TIME OF LATEST TRANSACTION
control field 20250605161536.0
020 ## - INTERNATIONAL STANDARD BOOK NUMBER
International Standard Book Number 0-538-84741-7
082 ## - DEWEY DECIMAL CLASSIFICATION NUMBER
Classification number TEA LECT 658.15 LEV
100 ## - MAIN ENTRY--PERSONAL NAME
Author name LEVY, H.
245 ## - TITLE STATEMENT
Title Principles of Corporate Finance
260 ## - PUBLICATION, DISTRIBUTION, ETC.
Place of publication, distribution, etc. Ohio,
Name of publisher, distributor, etc. South-Western publishing ,
Date of publication, distribution, etc. 1998.
300 ## - PHYSICAL DESCRIPTION
Extent xxviii, 871p.: Ill.;figures & table.
Other physical details Index
Dimensions 24cm.
700 ## - ADDED ENTRY--PERSONAL NAME
Other authors/Editors ALDERSON, M. J.
942 ## - ADDED ENTRY ELEMENTS (KOHA)
Source of classification or shelving scheme Dewey Decimal Classification
Koha item type Books
Holdings
Date last seen Total checkouts Full call number Barcode Cost, replacement price Price effective from Koha item type Lost status Source of classification or shelving scheme Damaged status Not for loan Withdrawn status Home library Current library Shelving location Date acquired Cost, normal purchase price
06/05/2025   TEA LECT 658.15 LEV 00000011210 679557.00 06/05/2025 Books   Dewey Decimal Classification       College of Business Education Main Library College of Business Education Main Library General Collection 04/22/2005 226519.00
06/05/2025   TEA LECT 658.15 LEV 00000011211 679557.00 06/05/2025 Books   Dewey Decimal Classification       College of Business Education Main Library College of Business Education Main Library General Collection 04/22/2005 226519.00
06/05/2025   TEA LECT 658.15 LEV 00000011212 679557.00 06/05/2025 Books   Dewey Decimal Classification       College of Business Education Main Library College of Business Education Main Library General Collection 04/22/2005 226519.00